000 00609nam a22002177a 4500
005 20140313100406.0
008 131120b xxu||||| |||| 00| 0 eng d
020 _a9781606490396
050 _aHF 5549
_b.W286 2009
100 _aWarren, Kim.
245 _aDeveloping employee talent to perform people power /
_cKim Warren.
260 _aNew York, N.Y. :
_bBusiness Expert Press,
_c2009.
300 _a123 p. :
_bill. ;
_c22 cm.
504 _a
521 _aBSBA
650 _aPersonnel management.
650 _aBusiness planning.
942 _2lcc
_cBK
_kFOR
999 _c25626
_d25626